000 00489nam a2200157Ia 4500
008 220214s9999 xx 000 0 und d
022 _a0379-5489
245 0 _aJOURNAL OF NUCLEAR AGRICULTURE AND BIOLOGY
247 _aISNA Newsletter
260 _bIndian Society for Nuclear Techniques in Agircultural Biology, New Delhi
_aIndia
310 _aQ
500 _aEnding Volume & Year: 16, 1987
500 _aMissing Volume: 14(1)
500 _aStarting Volume & Year: 4, 1975
942 _cBJ
999 _c7886
_d7886